000 00674nam a2200205Ia 4500
001 3127
003 GE_BSU
008 181216s||||||||xx |||||||||||||| ||und||
040 _cGE_BSU
080 _a621.8(075.8)
100 _aКудрявцев,В.Н. Державец,Ю.А. Арефьев,И.И.
245 _aКурсовое проектирование деталей машин
245 _cПод общ. ред. В.Н. Кудрявцева.
260 _aЛ.
260 _bМашиностроение.
260 _c1984.
300 _a400стр. с илл.
653 _aКурсовое проектирование деталей машин.
942 _cBK
999 _c37171
_d37171